| 000 | 00593nam a22001457a 4500 | ||
|---|---|---|---|
| 999 |
_c60905 _d60905 |
||
| 005 | 20231115160507.0 | ||
| 008 | 231115s1964 ru ||||| |||| 00| 0 rus d | ||
| 041 | _arus | ||
| 080 | _a821.14.02 П-15 | ||
| 245 | _aПамятники поздней античной поэзии и прозы II—V века. | ||
| 264 |
_aМ.: _bНАУКА, _c1964. |
||
| 300 |
_a360 с.: _bил.; _c22 см. |
||
| 653 | _aII-V საუკუნეების გვიანი ანტიკური პოეზიისა და პროზის ძეგლები | ||
| 942 |
_2udc _cᲬᲘᲒᲜᲘ |
||